Come ascoltare : (Registro nro. 5336)
[ vista simple ]
| 000 -CABECERA | |
|---|---|
| campo de control de longitud fija | 00730nam a22002657i 4500 |
| 001 - NÚMERO DE CONTROL | |
| campo de control | IT\ICCU\PAR\1083592 |
| 003 - IDENTIFICADOR DEL NÚMERO DE CONTROL | |
| campo de control | ItRI |
| 005 - FECHA Y HORA DE LA ÚLTIMA TRANSACCIÓN | |
| campo de control | 20220208130147.0 |
| 008 - DATOS DE LONGITUD FIJA--INFORMACIÓN GENERAL | |
| campo de control de longitud fija | 080527s2000 it |||||| ||||| |||||c |
| 020 ## - NÚMERO INTERNACIONAL ESTÁNDAR DEL LIBRO | |
| Número Internacional Estándar del Libro | 8877153296 |
| 040 ## - FUENTE DE LA CATALOGACIÓN | |
| Centro/agencia transcriptor | AR-RoIUNI |
| 041 #7 - CÓDIGO DE LENGUA | |
| Código de lengua del texto/banda sonora o título independiente | ita |
| Fuente del código | ISO-639-2 |
| 080 ## - NÚMERO DE LA CLASIFICACIÓN DECIMAL UNIVERSAL | |
| Número de la Clasificación Decimal Universal | 811.131.1 AUS |
| 100 1# - ENTRADA PRINCIPAL--NOMBRE DE PERSONA | |
| Nombre de persona | Aust, Derek |
| Número de control de registro de autoridad | IT\ICCU\RAVV\107873 |
| Código de función/relación | aut |
| 245 10 - MENCIÓN DE TÍTULO | |
| Título | Come ascoltare : |
| Resto del título | leggere, parlare, scrivere / |
| Mención de responsabilidad, etc. | Derek Aust, Elena Minelli. |
| 250 ## - MENCIÓN DE EDICIÓN | |
| Mención de edición | 2. ed |
| 260 ## - PUBLICACIÓN, DISTRIBUCIÓN, ETC. (PIE DE IMPRENTA) | |
| Lugar de publicación, distribución, etc. | Perugia : |
| Nombre del editor, distribuidor, etc. | Guerra, |
| Fecha de publicación, distribución, etc. | [2000] |
| 300 ## - DESCRIPCIÓN FÍSICA | |
| Extensión | 182 p. : |
| Otras características físicas | ill. ; |
| Dimensiones | 27 cm. |
| 650 ## - PUNTO DE ACCESO ADICIONAL DE MATERIA--TÉRMINO DE MATERIA | |
| Término de materia o nombre geográfico como elemento inicial | Italiano |
| 650 ## - PUNTO DE ACCESO ADICIONAL DE MATERIA--TÉRMINO DE MATERIA | |
| Término de materia o nombre geográfico como elemento inicial | Lessico |
| 700 1# - PUNTO DE ACCESO ADICIONAL--NOMBRE DE PERSONA | |
| Nombre de persona | Minelli, Elena |
| Número de control de registro de autoridad | IT\ICCU\BVEV\073245 |
| Código de función/relación | aut |
| 982 #1 - EQUIVALENCIA O REFERENCIA-CRUZADA-MENCIÓN DE SERIE--NOMBRE DE CONFERENCIA O REUNIÓN/CONGRESO/TÍTULO [LOCAL, CANADÁ] | |
| Enlace | z01 |
| Nombre de congreso/reunión o jurisdicción como elemento de entrada | n |
| 942 ## - ELEMENTOS DE PUNTO DE ACCESO ADICIONAL (KOHA) | |
| Fuente del sistema de clasificación o colocación | Clasificación Decimal Universal |
| Tipo de ítem Koha | Libros |
| 981 #1 - EQUIVALENCIA O REFERENCIA-CRUZADA-MENCIÓN DE SERIE--NOMBRE DE ENTIDAD CORPORATIVA/TÍTULO [LOCAL, CANADÁ] | |
| Enlace | z01 |
| Nombre de entidad corporativa o nombre de jurisdicción como elemento de entrada | i |
| Unidad subordinada | xxxe |
| Estado de retiro | Estado de pérdida | Fuente del sistema de clasificación o colocación | Estado dañado | Excepción de préstamo | Código de colección | Localización permanente | Ubicación/localización actual | Ubicación en estantería | Fecha de adquisición | Fuente de adquisición | Número de inventario | Total de préstamos | Signatura topográfica completa | Código de barras | Fecha visto por última vez | Precio válido a partir de | Tipo de ítem Koha |
|---|---|---|---|---|---|---|---|---|---|---|---|---|---|---|---|---|---|
| Clasificación Decimal Universal | Idiomas | BIBLIOTECA CENTRAL | BIBLIOTECA CENTRAL | BIBLIOTECA CENTRAL | 08/02/2022 | Donación | 7088 | 811.131.1 AUS | 7088 | 08/02/2022 | 08/02/2022 | Libros |

